SELECTED WORKS OF KAHLIL GIBRAN (Record no. 3553)
[ view plain ]
| 000 -LEADER | |
|---|---|
| fixed length control field | 00356nam a22001337a 4500 |
| 020 ## - INTERNATIONAL STANDARD BOOK NUMBER | |
| ISBN | 978-93-50330-00-5 |
| 082 ## - DEWEY DECIMAL CLASSIFICATION NUMBER | |
| Classification number | 823 |
| Item number | GIB/K |
| 100 ## - MAIN ENTRY--AUTHOR NAME | |
| Personal name | GIBRAN,KAHLIL |
| 245 ## - TITLE STATEMENT | |
| Title | SELECTED WORKS OF KAHLIL GIBRAN |
| Remainder of title | THE PROPHET: TEARS AND LAUGHTERS: THE BROKEN WINGS |
| 260 ## - PUBLICATION, DISTRIBUTION, ETC. (IMPRINT) | |
| Name of publisher | MAPLE PRESS PRIVATE LIMITED |
| Year of publication | 2016 |
| 300 ## - PHYSICAL DESCRIPTION | |
| Number of Pages | 240 |
| 650 ## - SUBJECT ADDED ENTRY--TOPICAL TERM | |
| Topical Term | NOVEL |
| 942 ## - ADDED ENTRY ELEMENTS (KOHA) | |
| Koha item type | Books |
| Withdrawn status | Lost status | Collection code | Home library | Current library | Shelving location | Date acquired | Source of acquisition | Full call number | Accession Number | Koha item type |
|---|---|---|---|---|---|---|---|---|---|---|
| Fiction | Main Library | Main Library | SHELF 16-A- ENGLISH LITERATURE COLLECTION OF WORKS | 16/07/2019 | PURCHASE | 823 GIB/K | 11229 | Books |